000 00326pab a2200145 454500
008 180718b1984 xxu||||| |||| 00| 0 eng d
100 _aStreeton, Paul
245 _aBasic needs and human rights
260 _c1984
300 _a10-12
362 _aJune
650 _aCivil Liberties
773 _aDevelopment
909 _a5647
999 _c5647
_d5647